Organic chemistry : (Record no. 823)

MARC details
000 -LEADER
fixed length control field 00796nam a2200265 4500
001 - CONTROL NUMBER
control field 2145707
005 - DATE AND TIME OF LATEST TRANSACTION
control field 20141015144627.0
007 - PHYSICAL DESCRIPTION FIXED FIELD--GENERAL INFORMATION
fixed length control field 000
008 - FIXED-LENGTH DATA ELEMENTS--GENERAL INFORMATION
fixed length control field 000
010 ## - LIBRARY OF CONGRESS CONTROL NUMBER
LC control number 98072019
020 ## - INTERNATIONAL STANDARD BOOK NUMBER
International Standard Book Number 0395902231
040 ## - CATALOGING SOURCE
Original cataloging agency UOEL
Transcribing agency DLC
050 00 - LIBRARY OF CONGRESS CALL NUMBER
Classification number QD251.2
Item number .E34 1999
082 00 - DEWEY DECIMAL CLASSIFICATION NUMBER
Classification number 547
Edition number 21
100 1# - MAIN ENTRY--PERSONAL NAME
Personal name Eğe, Seyhan N.
245 10 - TITLE STATEMENT
Title Organic chemistry :
Remainder of title structure and reactivity /
Statement of responsibility, etc Seyhan N. Eğe.
250 ## - EDITION STATEMENT
Edition statement 4th ed.
260 ## - PUBLICATION, DISTRIBUTION, ETC. (IMPRINT)
Place of publication, distribution, etc Boston :
Name of publisher, distributor, etc Houghton Mifflin,
Date of publication, distribution, etc c1999.
300 ## - PHYSICAL DESCRIPTION
Extent xxxii, 1148 p. :
Other physical details ill. (some col.) ;
Dimensions 26 cm.
500 ## - GENERAL NOTE
General note Includes index.
650 #0 - SUBJECT ADDED ENTRY--TOPICAL TERM
Topical term or geographic name as entry element Chemistry, Organic.
General subdivision Chemistry
906 ## - LOCAL DATA ELEMENT F, LDF (RLIN)
a 7
b cbc
c orignew
d 2
e opcn
f 19
g y-gencatlg
942 ## - ADDED ENTRY ELEMENTS (KOHA)
Source of classification or shelving scheme Library of Congress Classification
Item type Short Loan for 1 day
Holdings
Withdrawn status Lost status Source of classification or shelving scheme Damaged status Not for loan Home library Current library Shelving location Date acquired Total Checkouts Full call number Barcode Date last seen Date last borrowed Copy number Price effective from Koha item type
    Library of Congress Classification     UOE Main Library UOE Main Library Short Loan Area 15/10/2014 3 QD251.2 .E34 1999 20140995 27/04/2026 18/10/2016 20140995 15/10/2014 Short Loan for 1 day